| 000 | 00959cam a22002413a 4500 | ||
|---|---|---|---|
| 001 | 23539 | ||
| 003 | PGUSA | ||
| 005 | 20140828083513.0 | ||
| 008 | 071118s2007||||xxu|||||s|||||000 | eng d | ||
| 040 |
_aPGUSA _beng |
||
| 042 | _adc | ||
| 050 | 4 | _aPS | |
| 100 | 1 |
_aRobertson, Morgan, _d1861-1915 |
|
| 245 | 1 | 0 |
_a"Where Angels Fear to Tread" and other stories of the Sea _h[electronic resource] / _cMorgan Robertson |
| 260 |
_bProject Gutenberg, _c2007 |
||
| 505 | 0 | _a"Where angels fear to tread" -- The brain of the battle-ship -- The wigwag message -- The trade-wind -- Salvage -- Between the millstones -- The battle of the monsters -- From the royal-yard down -- Needs must when the devil drives -- When Greek meets Greek -- Primordial. | |
| 506 | _aPublic domain in the USA. | ||
| 516 | _aElectronic text | ||
| 653 | _aSea stories, American | ||
| 830 | 0 |
_aProject Gutenberg _v23539 |
|
| 856 | 4 | 0 | _uhttp://www.gutenberg.org/ebooks/23539 |
| 942 | _cEB | ||
| 999 |
_c252794 _d252794 |
||